000 02509nam a22002297a 4500
003 DO-SdBNP
005 20220407114850.0
007 ta
008 211027b2005 dr ad||| |||| 00| 0 spa d
040 _aDO-SdBNP
_bspa
_cBNPHU
082 4 _222
110 2 _aRepública Dominicana.
_bConsejo Nacional de Competitividad.
_964992
245 1 0 _aPlan Nacional de Competitividad Sistémica de la República Dominicana /
_cpresentación Leonel Fernández ; introducción Dr. Andrés Van der Horst.
260 _aSanto Domingo :
_bConsejo Nacional de Competitividad,
_c [2005?].
300 _a186 p. :
_bil., gráficos ;
_c28 cm.
505 0 _aPresentación --
_tIntroducción --
_gCapítulo 1.
_tLa visión de futuro de la República Dominicana: la estrategia de competitividad sistémica ante el desafío de la apertura a la globalización --
_gCapítulo 2.
_tLa estrategia y política industrial de competitividad sistémica --
_gCapítulo 3.
_tLa estrategia y política de competitividad de la industria de zonas francas --
_gCapítulo 4.
_tLa estrategia y política de fomento competitivo a las exportaciones --
_gCapítulo 5.
_tEl programa de competitividad de las micro, pequeñas y medianas empresas
_gCapítulo 6.
_tEl turismo como motor del crecimiento competitivo y del desarrollo Sustentable --
_gCapítulo 7.
_tEl cluster de agronegocios y la competitividad en la cadena global de valor --
_gCapítulo 8.
_tEl cluster de manufacturas con escalamiento de valor --
_gCapítulo 9.
_tLa construcción y la vivienda como motor endógeno de crecimiento: El Cluster de Santiago --
_gCapítulo 10.
_tEl sistema nacional de innovación y desarrollo tecnológico: Hacia la mentefactura y la economía del conocimiento --
_gCapítulo 11.
_tUn gobierno competitivo e innovador. Hacia un nuevo modelo de gestión pública IFAT: Inteligente, Flexible, Ágil y Transparente --
_gCapítulo 12.
_tLa nueva economía institucional de mercado y el estado de derecho: La comisión de competencia económica --
_gCapítulo 13.
_tLa infraestructura y la competitividad logística --
_gCapítulo 14.
_tLa competitividad macroeconómica: La estabilidad y el tipo de cambio real competitivo --
_gCapítulo 15.
_tImplementación del Plan de Competitividad: Políticas y Programas de Acción, Mecanismos de Coordinación y Financiamiento --
590 _aInventariado, 2021 /LP
700 1 _aFernández, Leonel,
_epresentación
_980364
700 1 _aVan der Horst, Andrés,
_eintroducción
_980365
910 _aLopérez
942 _2ddc
_cLBS1
999 _c50815
_d50815